[Event "Int SVK-ch Open 2020"]
[Site "Drienica"]
[Date "2020.08.08"]
[Round "2.14"]
[White "Frink Ferenc"]
[Black "Antal, Jakub"]
[Result "1-0"]
[WhiteElo "2079"]
[BlackElo "1918"]
[Annotator "ChessBase"]
[PlyCount "50"]
[EventDate "2020.08.07"]
[EventType "swiss"]
[EventCountry "SVK"]
[SourceTitle "playchess.com"]
[Source "ChessBase"]
[SourceQuality "1"]
[TimeControl "40/5400+30:1800+30"]

1. e4 {[%emt 0:00:00]} Nf6 {[%emt 0:00:10]} 2. e5 {[%emt 0:00:55]} Nd5 {[%emt 0:00:14]} 3. d4 {[%emt 0:00:30]} d6 {[%emt 0:00:30]} 4. f4 {[%emt 0:00:30]} dxe5 {[%emt 0:05:18]} 5. fxe5 {[%emt 0:00:02]} Nc6 {[%emt 0:01:20]} 6. c3 {[%emt 0:00:19]} Bf5 {[%emt 0:00:52]} 7. Bd3 {[%emt 0:00:41]} Qd7 {[%emt 0:19:01]} 8. Nf3 {[%emt 0:00:21]} Bxd3 {[%emt 0:04:03]} 9. Qxd3 {[%emt 0:00:05]} e6 {[%emt 0:00:28]} 10. O-O {[%emt 0:00:17]} Be7 {[%emt 0:01:27]} 11. b4 {[%emt 0:01:48]} f6 {[%emt 0:12:37]} 12. b5 {[%emt 0:01:41]} Nd8 {[%emt 0:00:45]} 13. Ba3 {[%emt 0:02:49]} Nf7 {[%emt 0:05:22]} 14. exf6 {[%emt 0:03:13]} Bxf6 {[%emt 0:06:55]} 15. Nbd2 {[%emt 0:01:13]} O-O-O {[%emt 0:06:59]} 16. Nb3 {[%emt 0:02:52]} e5 {[%emt 0:06:36]} 17. Rae1 {[%emt 0:04:26]} Rhe8 {[%emt 0:12:12]} 18. dxe5 {[%emt 0:13:02]} Nxe5 {[%emt 0:01:28]} 19. Nxe5 {[%emt 0:00:36]} Bxe5 {[%emt 0:00:22]} 20. c4 {[%emt 0:00:42]} Nc3 {[%emt 0:05:23]} 21. Qf3 {[%emt 0:01:23]} Bd4+ {[%emt 0:01:46]} 22. Kh1 {[%emt 0:00:39]} Kb8 {[%emt 0:03:50]} 23. Rxe8 {[%emt 0:06:53]} Rxe8 {[%emt 0:00:29]} 24. Nxd4 {[%emt 0:00:20]} Qxd4 {[%emt 0:00:34]} 25. Bb2 {[%emt 0:00:09]} Qe4 {[%emt 0:01:42]} 1-0

[Event "Int SVK-ch Open 2020"]
[Site "Drienica"]
[Date "2020.08.08"]
[Round "2.14"]
[White "Kulich, Daniel"]
[Black "Recky, Norbert"]
[Result "1/2-1/2"]
[WhiteElo "1492"]
[BlackElo "1799"]
[Annotator "NA"]
[PlyCount "54"]
[EventDate "2020.08.07"]
[EventType "swiss"]
[EventCountry "SVK"]
[SourceTitle "playchess.com"]
[Source "ChessBase"]
[SourceQuality "1"]
[TimeControl "40/5400+30:1800+30"]

1. d4 {[%emt 0:00:00]} Nf6 {[%emt 0:00:00]} 2. Bf4 {[%emt 0:00:00]} g6 {[%emt 0:00:02]} 3. Nc3 {[%emt 0:00:00]} d5 {[%emt 0:00:11]} 4. Qd2 {[%emt 0:00:00]} Bg7 {[%emt 0:00:08]} 5. Bh6 {[%emt 0:00:08]} O-O {[%emt 0:00:08]} 6. Bxg7 {[%emt 0:00:06]} Kxg7 {[%emt 0:00:07]} 7. O-O-O {[%emt 0:00:17]} c6 {[%emt 0:00:23]} 8. f3 {[%emt 0:00:13]} b5 {[%emt 0:00:14]} 9. g4 {[%emt 0:01:17]} a5 {[%emt 0:03:01]} 10. h4 {[%emt 0:01:07]} h5 {[%emt 0:00:13]} 11. gxh5 {[%emt 0:06:14]} Nxh5 {[%emt 0:00:10]} 12. Nh3 {[%emt 0:00:19]} Nd7 {[%emt 0:02:22]} 13. e4 {[%emt 0:01:09]} Nb6 {[%emt 0:01:43]} 14. Nf4 {[%emt 0:01:48]} Rh8 {[%emt 0:04:22]} 15. Nce2 {[%emt 0:03:00]} Nc4 {[%emt 0:09:19]} 16. Qe1 {[%emt 0:03:51]} Nxf4 {[%emt 0:08:18]} 17. Nxf4 {[%emt 0:00:13]} Qd6 {[%emt 0:01:29]} 18. Nd3 {[%emt 0:21:16]} dxe4 {[%emt 0:03:10]} 19. Qxe4 {[%emt 0:00:48]} Bf5 {[%emt 0:00:33]} 20. Qf4 {[%emt 0:02:04]} Bxd3 {[%emt 0:09:43]} 21. Qxd6 {[%emt 0:00:41]} Nxd6 {[%emt 0:00:13]} 22. Bxd3 {[%emt 0:00:11]} Rh5 {[%emt 0:00:21]} 23. Rdg1 {[%emt 0:01:23]} Rah8 {[%emt 0:09:02]} 24. Rg4 {[%emt 0:08:24]} g5 {[%emt 0:00:54]} 25. Rhg1 {[%emt 0:02:59]} Rxh4 {[%emt 0:02:09]} 26. Rxg5+ {[%emt 0:01:28]} Kf6 {[%emt 0:00:29]} 27. c3 {[%emt 0:03:26]} R8h5 {[%emt 0:03:25]} 1/2-1/2

[Event "Int SVK-ch Open 2020"]
[Site "Drienica"]
[Date "2020.08.08"]
[Round "2.15"]
[White "Hlavac, Peter"]
[Black "Stevik Patrik"]
[Result "0-1"]
[WhiteElo "1961"]
[BlackElo "2076"]
[Annotator "ChessBase"]
[PlyCount "64"]
[EventDate "2020.08.07"]
[EventType "swiss"]
[EventCountry "SVK"]
[SourceTitle "playchess.com"]
[Source "ChessBase"]
[SourceQuality "1"]
[TimeControl "40/5400+30:1800+30"]

1. Nf3 {[%emt 0:03:28]} Nf6 {[%emt 0:00:00]} 2. c4 {[%emt 0:00:05]} g6 {[%emt 0:00:00]} 3. Nc3 {[%emt 0:00:14]} Bg7 {[%emt 0:00:00]} 4. g3 {[%emt 0:06:38]} O-O {[%emt 0:00:21]} 5. Bg2 {[%emt 0:00:05]} d6 {[%emt 0:00:35]} 6. O-O {[%emt 0:02:49]} Nc6 {[%emt 0:06:23]} 7. d4 {[%emt 0:00:54]} a6 {[%emt 0:03:15]} 8. e4 {[%emt 0:05:17]} Na5 {[%emt 0:02:22]} 9. Qe2 {[%emt 0:03:14]} c5 {[%emt 0:06:47]} 10. Be3 {[%emt 0:06:45]} Ng4 {[%emt 0:02:25]} 11. Rfd1 {[%emt 0:03:12]} Nxe3 {[%emt 0:01:08]} 12. fxe3 {[%emt 0:00:07]} Be6 {[%emt 0:01:39]} 13. Nd5 {[%emt 0:02:46]} cxd4 {[%emt 0:09:08]} 14. exd4 {[%emt 0:04:06]} Rc8 {[%emt 0:01:19]} 15. Rac1 {[%emt 0:02:01]} Bh6 {[%emt 0:09:21]} 16. Rc3 {[%emt 0:02:28]} Bg4 {[%emt 0:05:08]} 17. b4 {[%emt 0:08:24]} e6 {[%emt 0:08:55]} 18. Ne3 {[%emt 0:15:15]} Bxe3+ {[%emt 0:02:12]} 19. Qxe3 {[%emt 0:00:06]} Nxc4 {[%emt 0:00:17]} 20. Qc1 {[%emt 0:04:34]} b5 {[%emt 0:01:44]} 21. Rdd3 {[%emt 0:00:29]} Bxf3 {[%emt 0:01:15]} 22. Bxf3 {[%emt 0:01:30]} Qb6 {[%emt 0:02:10]} 23. Kg2 {[%emt 0:00:37]} e5 {[%emt 0:02:35]} 24. dxe5 {[%emt 0:02:36]} dxe5 {[%emt 0:03:06]} 25. Rd5 {[%emt 0:02:50]} Rcd8 {[%emt 0:02:41]} 26. Be2 {[%emt 0:03:42]} Rxd5 {[%emt 0:05:04]} 27. exd5 {[%emt 0:00:16]} Qd4 {[%emt 0:00:51]} 28. Bxc4 {[%emt 0:02:47]} bxc4 {[%emt 0:01:12]} 29. Rxc4 {[%emt 0:00:17]} Qxd5+ {[%emt 0:00:05]} 30. Kf2 {[%emt 0:03:17]} e4 {[%emt 0:00:34]} 31. Qc2 {[%emt 0:00:50]} Re8 {[%emt 0:03:15]} 32. Rc8 {[%emt 0:05:05]} Qf5+ {[%emt 0:00:08]} 0-1

[Event "Int SVK-ch Open 2020"]
[Site "Drienica"]
[Date "2020.08.08"]
[Round "2.15"]
[White "Holicky, Miroslav"]
[Black "Ihnat, Marek"]
[Result "1-0"]
[WhiteElo "1793"]
[BlackElo "1490"]
[Annotator "NA"]
[PlyCount "81"]
[EventDate "2020.08.07"]
[EventType "swiss"]
[EventCountry "SVK"]
[SourceTitle "playchess.com"]
[Source "ChessBase"]
[SourceQuality "1"]
[TimeControl "40/5400+30:1800+30"]

1. d4 {[%emt 0:00:00]} d5 {[%emt 0:00:00]} 2. Nf3 {[%emt 0:00:00]} f5 {[%emt 0:01:16]} 3. Nbd2 {[%emt 0:04:51]} Nf6 {[%emt 0:00:38]} 4. e3 {[%emt 0:01:11]} e6 {[%emt 0:00:43]} 5. Bd3 {[%emt 0:01:33]} Bd6 {[%emt 0:00:18]} 6. b3 {[%emt 0:01:53]} O-O {[%emt 0:01:24]} 7. Bb2 {[%emt 0:00:36]} c6 {[%emt 0:01:39]} 8. Qe2 {[%emt 0:03:44]} Qe7 {[%emt 0:00:42]} 9. Ne5 {[%emt 0:03:03]} Bd7 {[%emt 0:01:47]} 10. h3 {[%emt 0:05:30]} Ne4 {[%emt 0:03:55]} 11. c3 {[%emt 0:05:26]} Rf6 {[%emt 0:02:56]} 12. O-O-O {[%emt 0:04:54]} Ba3 {[%emt 0:03:30]} 13. Kc2 {[%emt 0:04:11]} Be8 {[%emt 0:02:06]} 14. Nf1 {[%emt 0:02:25]} Bxb2 {[%emt 0:04:11]} 15. Kxb2 {[%emt 0:00:12]} Rh6 {[%emt 0:02:17]} 16. f3 {[%emt 0:05:17]} Nd6 {[%emt 0:03:23]} 17. g4 {[%emt 0:03:39]} fxg4 {[%emt 0:04:31]} 18. Nxg4 {[%emt 0:01:07]} Rh4 {[%emt 0:01:35]} 19. Ng3 {[%emt 0:04:54]} Nd7 {[%emt 0:03:27]} 20. e4 {[%emt 0:04:58]} h5 {[%emt 0:07:05]} 21. Ne3 {[%emt 0:02:27]} Bg6 {[%emt 0:06:10]} 22. e5 {[%emt 0:07:17]} Bxd3 {[%emt 0:01:26]} 23. Qxd3 {[%emt 0:00:44]} Nb5 {[%emt 0:01:07]} 24. Ng2 {[%emt 0:02:05]} Rf8 {[%emt 0:02:03]} 25. Rdf1 {[%emt 0:08:35]} c5 {[%emt 0:11:25]} 26. Qxb5 {[%emt 0:00:48]} cxd4 {[%emt 0:00:20]} 27. Nxh4 {[%emt 0:00:42]} dxc3+ {[%emt 0:01:10]} 28. Kxc3 {[%emt 0:04:14]} Rc8+ {[%emt 0:05:00]} 29. Kb2 {[%emt 0:00:49]} Nxe5 {[%emt 0:00:31]} 30. Rc1 {[%emt 0:01:59]} Nc6 {[%emt 0:02:27]} 31. Rhg1 {[%emt 0:07:50]} a6 {[%emt 0:03:37]} 32. Qd3 {[%emt 0:00:55]} Qxh4 {[%emt 0:00:31]} 33. Nf5 {[%emt 0:01:11]} Qf6+ {[%emt 0:02:11]} 34. Kb1 {[%emt 0:00:43]} Qxf5 {[%emt 0:01:37]} 35. Qxf5 {[%emt 0:00:14]} exf5 {[%emt 0:00:47]} 36. Rg5 {[%emt 0:00:20]} Rf8 {[%emt 0:05:25]} 37. Rxh5 {[%emt 0:00:20]} g6 {[%emt 0:01:35]} 38. Rg5 {[%emt 0:00:13]} Kg7 {[%emt 0:01:36]} 39. f4 {[%emt 0:01:15]} Re8 {[%emt 0:02:22]} 40. Rcg1 {[%emt 0:01:02]} Re6 {[%emt 0:00:16]} 41. Rxf5 {[%emt 0:32:24]} 1-0

[Event "Int SVK-ch Open 2020"]
[Site "Drienica"]
[Date "2020.08.08"]
[Round "2.16"]
[White "Ondo Tomas"]
[Black "Mandak, Miroslav"]
[Result "1/2-1/2"]
[WhiteElo "2065"]
[BlackElo "1933"]
[Annotator "TA"]
[PlyCount "181"]
[EventDate "2020.08.07"]
[EventType "swiss"]
[EventCountry "SVK"]
[SourceTitle "playchess.com"]
[Source "ChessBase"]
[SourceQuality "1"]

{[%evp 9,180,37,47,55,89,70,69,46,37,35,82,80,72,68,67,67,59,62,69,20,20,15,12,14,8,8,17,8,41,9,59,29,60,35,55,52,56,57,59,61,81,23,23,0,0,0,0,6,109,108,115,98,156,156,333,328,345,326,326,330,388,383,961,822,927,911,29969,29970,29971,643,597,500,658,655,621,592,568,524,1210,1210,894,1185,1160,1159,1155,1143,853,173,516,199,199,199,199,199,199,199,199,173,173,173,173,173,173,8,8,8,8,8,8,8,6033,8,8,8,8,8,8,8,8,8,8,8,8,8,173,173,173,173,173,173,29972,8941,29972,173,173,0,29971,592,29970,173,29976,173,173,173,173,8,8,0,29973,0,0,0,0,0,0,0,0,0,0,0,0,0,0,0,0,0,0,0,0,0,0,0,0]} 1. d4 Nf6 2. Bf4 d6 3. Nc3 c6 4. Nf3 b5 5. a3 a6 6. e4 {[#] A45: Trompowsky Attack.} h6 $146 ({Predecessor:} 6... Nbd7 7. e5 Nh5 8. Be3 g6 9. Bd3 dxe5 10. dxe5 Qc7 11. g4 Ng7 12. Bf4 Ne6 {0-1 (50) Braunstein,F (954)-Klaus,C (776) Verden 2000}) 7. h3 Bb7 8. Be2 {White is slightly better.} e6 9. e5 Nd5 10. Nxd5 cxd5 11. O-O Nc6 12. c3 dxe5 13. Nxe5 Bd6 14. Nxc6 (14. Qd3 {with more complications.} Nxe5 15. dxe5 Be7 16. Be3 h5 17. a4) 14... Bxc6 15. Bxd6 Qxd6 16. f4 O-O 17. Bd3 Bd7 18. Qh5 f5 19. Rae1 Kh7 20. Re5 Rg8 21. Rfe1 g6 22. Qf3 Rab8 23. g4 Rbe8 24. Kh1 Rg7 25. gxf5 (25. Qe2 $16) 25... gxf5 $11 26. Bxf5+ exf5 27. Rxe8 Bxe8 28. Rxe8 $16 {[%mdl 4096] Endgame KQR-KQR} Qg6 (28... Re7 $1 $11 {remains equal.} 29. Rxe7+ Qxe7) 29. Re1 Qd6 30. Kh2 Qg6 31. Qf2 $1 Qf6 $2 (31... Kh8 $16 {keeps fighting.} 32. Re2 Rg8) 32. Re5 $18 Rd7 33. Qe1 a5 34. Re6 Qf7 35. Qe5 b4 $2 (35... a4 36. Re8 Kg6) 36. Rf6 Qh5 37. axb4 axb4 38. cxb4 Rb7 39. Qxf5+ (39. b5 $142 Rd7 40. b6 Rb7 41. Rf8 Rg7 42. b7 Qg6 43. Qxg7+ $1 {[%mdl 576] Promotion} Kxg7 44. b8=Q) 39... Qxf5 40. Rxf5 {KR-KR} Rb5 41. Kg3 Kg6 42. Re5 Rxb4 43. Rxd5 Rxb2 44. h4 Rb1 45. h5+ Kf6 46. Re5 Rd1 47. d5 Rd3+ 48. Kg4 $2 (48. Kf2 Ra3 49. Ke2) 48... Rd1 $2 (48... Kf7 {is a better chance.} 49. Re6 Rxd5 50. Rxh6 Ra5) 49. Re6+ $2 (49. Kf3) 49... Kf7 50. Rd6 {Strongly threatening Kf5.} Ke7 51. Rxh6 Rxd5 52. Ra6 Kf7 53. Rb6 Kg7 54. Rg6+ Kh7 55. f5 Rd1 56. Kg5 $2 ({White should play} 56. Rb6 $18) 56... Rg1+ $11 57. Kf4 Rf1+ 58. Ke5 $1 Re1+ $1 59. Kd6 Rh1 $2 {[%mdl 8192]} (59... Rb1 $11) 60. h6 $2 ({Only move:} 60. f6 $18 {White threatens f7 and mate.} Rf1 61. Ke6 Re1+ 62. Kd7) 60... Rf1 61. Ke6 Ra1 62. Kf7 {And now Re6 would win.} Ra7+ 63. Kf6 {White wants to mate with Rg7+.} Ra1 64. Ke5 Ra5+ 65. Kf4 Ra1 66. Re6 Rf1+ $2 (66... Rh1 $11 {and Black is okay.}) 67. Kg5 $1 $18 {aiming for Re7+.} Rg1+ {[#]} 68. Kf6 $1 {[%cal Rf6e7] Hoping for Ke7.} Rf1 69. Rd6 Kg8 $2 (69... Ra1 $18 70. Rd2 Ra3) 70. Rd7 (70. Rd8+ $142 Kh7 71. Ke6 Re1+ 72. Kf7 Rf1 73. f6 Rg1 74. Kf8 Rc1 75. f7) 70... Rf2 71. Rd3 $2 (71. Rd8+ Kh7 72. Ke6 Re2+ 73. Kf7 Re3 74. f6 Kxh6 75. Kf8 Kg6 76. f7) 71... Kh7 72. Rd7+ $2 (72. Rd8 $18 Rb2 73. Rd3) 72... Kg8 73. Re7 (73. Rd8+ $142 Kh7 74. Ke6 Re2+ 75. Kf7 Rf2 76. f6 Kxh6 77. Ke7 Re2+ 78. Kf8) 73... Rf1 74. Re4 $2 (74. h7+ Kh8 75. Kg6 Re1 76. Kf7 Rf1 77. Re8+ Kxh7 78. f6 Ra1 79. Kf8) 74... Rh1 $2 (74... Kh7 $18 75. Re3 Rb1) 75. Rg4+ $2 (75. Ke7 Ra1 76. f6 Ra7+ 77. Ke6 Ra1 {[#]} 78. h7+ $1 {[%mdl 576] Deflection} Kxh7 79. f7 Ra6+ 80. Ke7 Ra7+ 81. Kf6 Ra6+ 82. Re6) 75... Kh7 76. Kf7 Ra1 77. Re4 $2 (77. Rh4 $18) 77... Kxh6 $11 78. f6 {Threatens to win with Kf8.} Kg5 $2 {[%mdl 8192]} (78... Ra7+ $11 79. Re7 Ra8) 79. Re5+ $2 (79. Re6 {mates} Kh6 80. Kf8 Ra8+ 81. Re8 Ra7 82. f7 Kg6 83. Re6+ Kf5 84. Re1) 79... Kh6 $1 {The position is equal.} 80. Re2 {Rh2+ is the strong threat.} Ra7+ $1 81. Re7 Ra8 82. Rb7 Ra1 83. Ke8 {Black must now prevent Rb8.} Kg6 84. f7 Ra8+ 85. Ke7 Kg7 86. Rd7 Rb8 87. Ra7 Rc8 88. Ke6 Kf8 89. Ra6 Rb8 90. Kf6 Rb6+ 91. Rxb6 {Accuracy: White = 64%, Black = 57%.} 1/2-1/2

[Event "Int SVK-ch Open 2020"]
[Site "Drienica"]
[Date "2020.08.08"]
[Round "2.16"]
[White "Gulas, Gabriel"]
[Black "Harvan, Tomas"]
[Result "0-1"]
[WhiteElo "1472"]
[BlackElo "1788"]
[Annotator "NA"]
[PlyCount "72"]
[EventDate "2020.08.07"]
[EventType "swiss"]
[EventCountry "SVK"]
[SourceTitle "playchess.com"]
[Source "ChessBase"]
[SourceQuality "1"]
[TimeControl "40/5400+30:1800+30"]

1. e4 {[%emt 0:00:00]} c6 {[%emt 0:00:00]} 2. d4 {[%emt 0:00:00]} d5 {[%emt 0:00:00]} 3. e5 {[%emt 0:00:00]} c5 {[%emt 0:00:11]} 4. Nf3 {[%emt 0:00:17]} Bg4 {[%emt 0:02:14]} 5. Be2 {[%emt 0:06:31]} e6 {[%emt 0:00:42]} 6. c3 {[%emt 0:00:24]} Nc6 {[%emt 0:01:00]} 7. O-O {[%emt 0:02:12]} cxd4 {[%emt 0:00:46]} 8. cxd4 {[%emt 0:01:40]} Nge7 {[%emt 0:00:24]} 9. Na3 {[%emt 0:05:22]} Nf5 {[%emt 0:01:20]} 10. Nc2 {[%emt 0:05:57]} Qb6 {[%emt 0:05:17]} 11. Be3 {[%emt 0:10:29]} Be7 {[%emt 0:06:10]} 12. b3 {[%emt 0:02:21]} O-O {[%emt 0:01:14]} 13. Qd2 {[%emt 0:01:52]} Rac8 {[%emt 0:03:16]} 14. Rac1 {[%emt 0:01:50]} Nb4 {[%emt 0:11:03]} 15. Nxb4 {[%emt 0:06:00]} Bxb4 {[%emt 0:00:10]} 16. Qb2 {[%emt 0:00:58]} Nxe3 {[%emt 0:10:19]} 17. fxe3 {[%emt 0:00:16]} Qa5 {[%emt 0:05:53]} 18. Rxc8 {[%emt 0:09:21]} Rxc8 {[%emt 0:00:09]} 19. Rd1 {[%emt 0:00:20]} Ba3 {[%emt 0:09:49]} 20. Qb1 {[%emt 0:02:07]} Qc3 {[%emt 0:03:17]} 21. Qd3 {[%emt 0:12:30]} Bf5 {[%emt 0:01:27]} 22. Qxc3 {[%emt 0:00:18]} Rxc3 {[%emt 0:00:08]} 23. Nh4 {[%emt 0:01:49]} Bc2 {[%emt 0:03:48]} 24. Rf1 {[%emt 0:03:19]} Rxe3 {[%emt 0:01:36]} 25. Bb5 {[%emt 0:01:01]} Bd3 {[%emt 0:01:08]} 26. Bxd3 {[%emt 0:00:48]} Rxd3 {[%emt 0:00:08]} 27. Rf4 {[%emt 0:00:00]} Bc1 {[%emt 0:01:40]} 28. Rf3 {[%emt 0:01:24]} Rxd4 {[%emt 0:01:08]} 29. Rc3 {[%emt 0:00:22]} Ba3 {[%emt 0:00:06]} 30. Nf3 {[%emt 0:00:18]} Rd1+ {[%emt 0:01:57]} 31. Kf2 {[%emt 0:00:10]} Rc1 {[%emt 0:03:15]} 32. Rxc1 {[%emt 0:00:37]} Bxc1 {[%emt 0:00:06]} 33. g3 {[%emt 0:02:10]} Bb2 {[%emt 0:00:57]} 34. Ke3 {[%emt 0:00:11]} f6 {[%emt 0:00:32]} 35. Nd4 {[%emt 0:00:51]} Bxd4+ {[%emt 0:00:41]} 36. Kxd4 {[%emt 0:00:12]} fxe5+ {[%emt 0:00:56]} 0-1

[Event "Int SVK-ch Open 2020"]
[Site "Drienica"]
[Date "2020.08.08"]
[Round "2.17"]
[White "Dujava, Daniel"]
[Black "Brnusak Tomas"]
[Result "1/2-1/2"]
[WhiteElo "2111"]
[BlackElo "2064"]
[Annotator "TA"]
[PlyCount "95"]
[EventDate "2020.08.07"]
[EventType "swiss"]
[EventCountry "SVK"]
[SourceTitle "playchess.com"]
[Source "ChessBase"]
[SourceQuality "1"]

{[%evp 21,95,16,12,12,51,43,93,94,93,89,83,100,105,89,230,218,220,223,179,74,311,159,191,11,14,0,127,130,130,122,118,95,260,255,304,181,333,116,116,119,396,355,315,88,213,213,214,198,208,212,214,210,208,204,212,212,212,212,270,197,206,188,29994,28,35,35,35,35,52,27,49,0,6,0,0,0]} 1. e4 c5 2. Nf3 e6 3. d4 cxd4 4. Nxd4 a6 5. Nc3 Qc7 6. Be2 Nc6 7. O-O Nf6 8. Kh1 Bb4 9. Nxc6 bxc6 10. f4 d5 11. e5 Nd7 12. Na4 {B47: Sicilian: Taimanov: 5 Nc3 Qc7 6 f4, 6 g3 and 6 Be2.} Be7 13. c4 $1 {[#]} Qa7 $146 ({Predecessor:} 13... dxc4 14. Be3 c5 15. Rc1 Bb7 16. Bf3 O-O 17. Bxb7 Qxb7 18. Rxc4 f6 19. exf6 Rxf6 20. Qe2 Rf5 21. Rfc1 Re8 22. Bxc5 Bxc5 23. Nxc5 Nxc5 24. Rxc5 Rxf4 25. h3 {½-½ (25) Sosa,T (2478)-Di Berardino,D (2528) Buenos Aires 2018}) 14. cxd5 {White is better.} cxd5 15. Rf3 $1 O-O 16. Be3 Qb8 17. Bd4 f6 (17... Bb7 $16) 18. Rb3 $18 Qc7 19. Bg4 $1 {[%cal Rg4e6]} f5 20. Be2 (20. Rc3 $18 {has better winning chances.} Qa5 21. Be2) 20... g5 $2 (20... Qa5 $16) 21. g3 (21. Rc1 $18 Qd8 22. Rbc3) 21... Qa5 $16 22. Nc3 $2 (22. Rc3 $1 $18) 22... Nc5 $11 23. Bxc5 Bxc5 {[#]} (23... Qxc5 $11 {remains equal.} 24. Rc1 Qa7) 24. Nxd5 $1 $16 {[%mdl 512]} Ra7 {White must now prevent ...Rd7.} (24... exd5 25. Qxd5+) 25. Nf6+ Kh8 26. Bf3 gxf4 $2 (26... g4 $16 {was called for.} 27. Bg2 Be7) 27. gxf4 $18 Rg7 28. Bg2 (28. Rc1 $142 Rg1+ 29. Qxg1 Bxg1 30. Kxg1) 28... Rd8 $2 {[#]} (28... Be7 29. Rc1 Bxf6) 29. Rd3 $2 (29. Qh5 $1 $18 {and the rest is easy.}) 29... Rxd3 $16 30. Qxd3 Bb7 $2 {[%mdl 8192]} (30... Qb6 $16 31. Qb3 Qb7 32. Qxb7 (32. Bxb7 Bxb7+ 33. Qxb7 Rxb7 $16) 32... Bxb7 33. Bxb7 Rxb7) 31. Bxb7 $18 Rxb7 32. b3 $2 (32. Rc1 $18 {is more deadly. aiming for Rxc5!} Bf8 {[#]} 33. Rc8 $1 {[%mdl 512]} Qe1+ 34. Kg2) 32... Be7 (32... Rf7 $16) 33. Qc4 Qd8 34. Qxe6 $40 {[%mdl 128] Threatens to win with Qf7! White wants a kill.} Rb6 35. Qxf5 {[%csl Gf6][%cal Rf5h7]} Bxf6 36. exf6 Rxf6 {[%mdl 4096] Endgame KQR-KQR} 37. Qe5 Kg8 38. Re1 Kf7 39. Qe4 Rg6 40. Qf5+ Kg8 41. Qe5 Qd2 $2 (41... Qa8+ $18 42. Re4 Qc6 43. Qe8+ Qxe8 44. Rxe8+ Kg7) 42. Rg1 $2 (42. Qe8+ {mates} Kg7 43. Re7+ Kh6 44. Qf8+ Kh5 45. Qf5+ Kh4 46. Rxh7+ Rh6 47. Rxh6#) 42... Rxg1+ $11 43. Kxg1 {Qb8+ is the strong threat.} Qxa2 {KQ-KQ} 44. Qe3 Kf7 45. h4 a5 46. Qc3 (46. Qd3 $5 {[%cal Rd3h7]}) 46... Kg6 47. Kf1 Kf5 48. Qf3 {Black defended with fortune. Accuracy: White = 54%, Black = 43%.} 1/2-1/2

[Event "Int SVK-ch Open 2020"]
[Site "Drienica"]
[Date "2020.08.08"]
[Round "2.17"]
[White "Sosovickova, Martina"]
[Black "Soldan, Jan"]
[Result "0-1"]
[WhiteElo "1362"]
[BlackElo "1782"]
[Annotator "NA"]
[PlyCount "70"]
[EventDate "2020.08.07"]
[EventType "swiss"]
[EventCountry "SVK"]
[SourceTitle "playchess.com"]
[Source "ChessBase"]
[SourceQuality "1"]
[TimeControl "40/5400+30:1800+30"]

1. e4 {[%emt 0:00:00]} c5 {[%emt 0:00:53]} 2. Nf3 {[%emt 0:00:00]} e6 {[%emt 0:02:16]} 3. d4 {[%emt 0:00:03]} cxd4 {[%emt 0:00:07]} 4. Nxd4 {[%emt 0:00:11]} Nc6 {[%emt 0:00:19]} 5. Nc3 {[%emt 0:00:20]} Nf6 {[%emt 0:01:20]} 6. Be2 {[%emt 0:02:56]} Be7 {[%emt 0:00:50]} 7. O-O {[%emt 0:00:30]} O-O {[%emt 0:00:06]} 8. Kh1 {[%emt 0:02:03]} a6 {[%emt 0:00:11]} 9. a4 {[%emt 0:00:23]} b6 {[%emt 0:00:38]} 10. f4 {[%emt 0:01:35]} Bb7 {[%emt 0:00:28]} 11. Bf3 {[%emt 0:02:59]} d5 {[%emt 0:02:35]} 12. exd5 {[%emt 0:07:35]} exd5 {[%emt 0:01:08]} 13. Be3 {[%emt 0:02:23]} Nxd4 {[%emt 0:00:33]} 14. Bxd4 {[%emt 0:00:38]} Qd6 {[%emt 0:00:44]} 15. Qe1 {[%emt 0:08:07]} Rfe8 {[%emt 0:03:47]} 16. Qg3 {[%emt 0:03:38]} Bf8 {[%emt 0:05:06]} 17. Rad1 {[%emt 0:05:23]} Rad8 {[%emt 0:01:33]} 18. Be5 {[%emt 0:01:59]} Qe6 {[%emt 0:01:10]} 19. Rfe1 {[%emt 0:01:40]} Qf5 {[%emt 0:00:22]} 20. Bc7 {[%emt 0:08:40]} Rxe1+ {[%emt 0:00:26]} 21. Rxe1 {[%emt 0:00:42]} Rd7 {[%emt 0:03:03]} 22. Bxb6 {[%emt 0:05:00]} Qxc2 {[%emt 0:01:37]} 23. Qf2 {[%emt 0:07:02]} Qxf2 {[%emt 0:03:16]} 24. Bxf2 {[%emt 0:00:06]} d4 {[%emt 0:00:15]} 25. Bxb7 {[%emt 0:01:19]} dxc3 {[%emt 0:00:20]} 26. Bxa6 {[%emt 0:01:44]} cxb2 {[%emt 0:01:45]} 27. Rb1 {[%emt 0:01:17]} Ba3 {[%emt 0:02:26]} 28. a5 {[%emt 0:04:40]} Ne4 {[%emt 0:01:11]} 29. Be1 {[%emt 0:01:31]} Rc7 {[%emt 0:00:45]} 30. Bd3 {[%emt 0:01:08]} Nc3 {[%emt 0:02:14]} 31. Bxc3 {[%emt 0:01:09]} Rxc3 {[%emt 0:00:08]} 32. Rd1 {[%emt 0:00:58]} Rxd3 {[%emt 0:00:29]} 33. Re1 {[%emt 0:01:01]} Kf8 {[%emt 0:00:10]} 34. a6 {[%emt 0:00:51]} Rd8 {[%emt 0:00:13]} 35. a7 {[%emt 0:00:50]} Ra8 {[%emt 0:00:03]} 0-1